Cómo calcular y cubrir las necesidades financieras (Registro nro. 738)

Detalles MARC
000 -LEADER
fixed length control field 00901 a2200229 4500
001 - CONTROL NUMBER
control field 19469
005 - DATE AND TIME OF LATEST TRANSACTION
control field 20260407155500.0
008 - FIXED-LENGTH DATA ELEMENTS--GENERAL INFORMATION
fixed length control field 260407a2000 arg spa d
003 - CONTROL NUMBER IDENTIFIER
control field AR-UNSa-BCEJYS
040 ## - CATALOGING SOURCE
Original cataloging agency AR-UNSa-BCEJYS
Language of cataloging spa
Transcribing agency AR-UNSa-BCEJYS
080 ## - UNIVERSAL DECIMAL CLASSIFICATION NUMBER
Universal Decimal Classification number 004.4
Common auxiliary subdivision "Software". Equipo lógico, componentes lógicos, logical, programas
020 ## - INTERNATIONAL STANDARD BOOK NUMBER
International Standard Book Number 978-84-8088-403-7
100 1# - MAIN ENTRY--PERSONAL NAME
Personal name Amat, Oriol
245 10 - TITLE STATEMENT
Title Cómo calcular y cubrir las necesidades financieras
Name of part/section of a work aplicación informática para la empresa
264 #1 - PRODUCTION, PUBLICATION, DISTRIBUTION, MANUFACTURE, AND COPYRIGHT NOTICE
Place of production, publication, distribution, manufacture Barcelona :
Name of producer, publisher, distributor, manufacturer Gestión 2000
Date of production, publication, distribution, manufacture, or copyright notice 2000
300 ## - PHYSICAL DESCRIPTION
Extent 153 p.
Dimensions 23 cm.
505 ## - FORMATTED CONTENTS NOTE
Formatted contents note 1. Introducción - 2. Requerimientos mínimos del sistema - 3. Instalación del programa FINEC - 5. Funcionamiento del programa FINEC - 6. Ejemplo - 7. Glosario de términos.
590 ## - LOCAL NOTE (RLIN)
Local note niveau_biblio:m niveau_hierar:0
700 1# - ADDED ENTRY--PERSONAL NAME
Personal name Argilés, Josep María
700 1# - ADDED ENTRY--PERSONAL NAME
Personal name Tempra, Josep
942 ## - ADDED ENTRY ELEMENTS (KOHA)
Koha item type
Existencias
Withdrawn status Lost status Damaged status Not for loan Home library Current library Shelving location Date acquired Total checkouts Full call number Barcode Date last seen Price effective from Koha item type
        Biblioteca Prof. Eusebio Cleto del Rey Biblioteca Prof. Eusebio Cleto del Rey   07/04/2026   004.4 A487 L118579 07/04/2026 07/04/2026 Libro